| 000 | 00644nam a2200229 i 4500 | ||
|---|---|---|---|
| 001 | C2-0236986 | ||
| 003 | PPAK | ||
| 005 | 20180727200625.0 | ||
| 008 | 011028s1966 enka|||| ||||| | eng d | ||
| 040 |
_aPPAK _beng _cPPAK _erda |
||
| 082 | 0 | 4 |
_a959 _223 |
| 090 | 0 | 0 |
_a959 _bCOE _dKAM |
| 100 | 1 |
_aCoedes, George, _eauthor |
|
| 245 | 1 | 4 | _aThe making of South East Asia |
| 264 | 1 |
_aLondon : _bRoutledge & Kegan Paul , _c1966 |
|
| 300 |
_axvi, 268 pages : _billustrations ; _c22 cm |
||
| 336 |
_2rdacontent _atext |
||
| 337 |
_2rdamedia _aunmediated |
||
| 338 |
_2rdacarrier _avolume |
||
| 650 | 1 | 0 | _aAsia Southeastern - History |
| 942 |
_ddc _cB |
||
| 999 |
_c52712 _d52712 |
||